Campus. t.I, Livret du proesseur /
שמור ב:
| מחבר ראשי: | |
|---|---|
| מחברים אחרים: | |
| פורמט: | Sách giấy |
| שפה: | English |
| יצא לאור: |
[S.l.] :
CLE,
2005.
|
| נושאים: | |
| תגים: |
הוספת תג
אין תגיות, היה/י הראשונ/ה לתייג את הרשומה!
|
| Thư viện lưu trữ: | Thư viện Trường Đại học Đà Lạt |
|---|
| LEADER | 00721nam a2200313 4500 | ||
|---|---|---|---|
| 001 | DLU110127384 | ||
| 005 | ##20111031 | ||
| 040 | # | # | |a DLU |b vie |
| 041 | # | # | |a eng |
| 044 | # | # | |a vn |
| 082 | # | # | |a 448 |b GI-J |
| 100 | # | # | |a Girardet, Jacky. |
| 245 | # | # | |a Campus. |n t.I, |p Livret du proesseur / |c Jacky Girardet, Jacques Pécheur. |
| 260 | # | # | |a [S.l.] : |b CLE, |c 2005. |
| 300 | # | # | |a 192 tr. ; |c 30 cm. |
| 650 | # | # | |a French Language. |
| 700 | # | # | |a Pécheur, Jacques. |
| 923 | # | # | |a 01/2011CT |
| 990 | # | # | |a t.I |
| 991 | # | # | |a GT |
| 992 | # | # | |a 0 |
| 994 | # | # | |a KCT |
| 900 | # | # | |a True |
| 911 | # | # | |a Đào Thị Thu Huyền |
| 925 | # | # | |a G |
| 926 | # | # | |a A |
| 927 | # | # | |a SH |
| 980 | # | # | |a Thư viện Trường Đại học Đà Lạt |